UITU Library & LRC     

Social Work An Empowering Profession (Record no. 5454)

MARC details
000 -LEADER
fixed length control field 00494nam a2200181Ia 4500
008 - FIXED-LENGTH DATA ELEMENTS--GENERAL INFORMATION
fixed length control field 240925s9999 xx 000 0 und d
020 ## - INTERNATIONAL STANDARD BOOK NUMBER
International Standard Book Number 205156177
082 ## - DEWEY DECIMAL CLASSIFICATION NUMBER
Classification number 361.32 DUB
100 ## - MAIN ENTRY--PERSONAL NAME
Personal name DuBois, Brenda ; Miley ,Karla Krogsrud
245 #0 - TITLE STATEMENT
Title Social Work An Empowering Profession
250 ## - EDITION STATEMENT
Edition statement NA
260 ## - PUBLICATION, DISTRIBUTION, ETC.
Place of publication, distribution, etc. Boston:
Name of publisher, distributor, etc. Allyn and Bacon
Date of publication, distribution, etc. ,1996.
300 ## - PHYSICAL DESCRIPTION
Extent xxxviii,279p.
Other physical details NA
Type of unit Original
500 ## - GENERAL NOTE
General note Includes Index
600 ## - SUBJECT ADDED ENTRY--PERSONAL NAME
Personal name Social Sciences
650 ## - SUBJECT ADDED ENTRY--TOPICAL TERM
Topical term or geographic name entry element Social Sciences
942 ## - ADDED ENTRY ELEMENTS (KOHA)
Koha item type Books
Holdings
Withdrawn status Lost status Damaged status Not for loan Collection Home library Current library Date acquired Source of acquisition Total checkouts Full call number Barcode Date last seen Price effective from Koha item type
        Social Sciences UITU Library UITU Library 08/16/2000 NA   361.32 DUB Q2955 09/25/2024 09/25/2024 Books

Powered by Koha